000 00535nam a22001937a 4500
999 _c526826
_d526826
003 NUST
005 20190717044928.0
008 190717b ||||| |||| 00| 0 eng d
038 _aFaiza
082 _a891.421
_bFIS
100 _aFaisal Hayat Japa
_917820
245 _aKalam allah Baksh Baksha /
_cFaisal Hayat Japa
260 _aLahore:
_bSanjh,
_c2006.
300 _a79p. ;
500 _aPaper Cover
880 _6100-01\r
_aفیصل حیات جپا
880 _6245-02\r
_aکلام اللہ بخش بخش /
942 _2ddc
_cBK